Presència i lligams territorials de Barcelona : vint segles de vida urbana vint segles de vida urbana
Descripción Física:
356 p. : il. gràf. map. fot. ; 24 cm
Colección:
Barcelona quaderns d'història ; 18
Otros Autores:
Grau, Ramon, 1947-
MARC
| LEADER | 00000nam a2200000Ia 4500 | ||
|---|---|---|---|
| 001 | 24418 | ||
| 008 | 160829s2012 xx 000 0 cat d | ||
| 080 | |a Bib-254 | ||
| 245 | |a Presència i lligams territorials de Barcelona : |b vint segles de vida urbana | ||
| 260 | |a Barcelona : |b Arxiu Històric de la Ciutat, |c 2012 | ||
| 300 | |a 356 p. : |b il. gràf. map. fot. ; |c 24 cm | ||
| 490 | |a Barcelona quaderns d'història ; 18 | ||
| 590 | |a Bibliografia. | ||
| 590 | |a A la portada: Seminari d'Història de Barcelona | ||
| 650 | |a Urbanisme |x Catalunya |x Barcelona |x Història |9 50288 | ||
| 650 | |a Vida urbana |x Catalunya |x Barcelona |x Història |9 50289 | ||
| 700 | |a Grau, Ramon, |d 1947- |9 50290 |e coordinador | ||
| 710 | 2 | |a Arxiu Històric de la Ciutat (Barcelona, Catalunya) |9 52811 | |
| 901 | |a Arxiu | ||
| 942 | |n 1 |2 udc | ||
| 952 | |0 0 |1 0 |4 0 |6 BIB254 |7 1 |9 55936 |a Arxiu |b Arxiu |d 2016-12-01 |l 0 |o Bib-254 |p 24418 |r 2016-12-01 00:00:00 |w 2016-12-01 |y ARXIU | ||
| 999 | |c 59809 |d 59809 | ||